Normal view
MARC view
- SOMMERVILLE, IAN
Entry Personal Name
001 - CONTROL NUMBER
- control field: 89366
003 - CONTROL NUMBER IDENTIFIER
- control field: NUST
005 - DATE AND TIME OF LATEST TRANSACTION
- control field: 20220222162510.0
008 - FIXED-LENGTH DATA ELEMENTS
- fixed length control field: 220222|| aca||aabn | a|a d
040 ## - CATALOGING SOURCE
- Original cataloging agency: NUST
- Transcribing agency: NUST
100 ## - HEADING--PERSONAL NAME
- Personal name: SOMMERVILLE, IAN
670 ## - SOURCE DATA FOUND
- Source citation: Work cat.: (NUST): SOMMERVILLE, IAN., SOFTWARE ENGINEERING /, 2016.
